| 000 | 00579cam a22001932 4500 | ||
|---|---|---|---|
| 001 | 0000000449 | ||
| 005 | 20151217155801.0 | ||
| 008 | 070201s xx 000 0 eng d | ||
| 040 |
_aKABU _cKABU |
||
| 050 | 0 |
_aDT449 _b.K3K38 |
|
| 100 | 1 |
_aKatoke, Israel K. _@0000148646 |
|
| 245 | 1 | 4 |
_aThe Making of the Karagwe kingdom : _bTanzanian history from oral traditions. |
| 260 |
_aNairobi : _bEAPH, _c1970. |
||
| 300 | _a31 p. | ||
| 651 | 0 |
_aKaragwe (Tanzania) _xHistory. _@0000148647 |
|
| 908 | _a070201 | ||
| 950 | _@1 | ||
| 999 |
_c12321 _d12321 |
||